Explaining creativity : the science of human innovation /

Bibliographic Details
Main Author: Sawyer, R. Keith (Robert Keith)
Corporate Author: ebrary, Inc
Format: eBook
Language:English
Published: New York : Oxford University Press, [2012]
Edition:2nd ed.
Subjects:
Online Access:Connect to the full text of this electronic book

MARC

Tag First Indicator Second Indicator Subfields
LEADER 00000cam a2200000 a 4500
001 in00002781842
006 m d
007 cr cn|||||||||
008 110408s2012 nyu ob 001 0 eng d
005 20250816213140.1
010 |z  2011014066 
020 |z 9780199737574 (pbk. alk. paper) 
020 |z 9780199838202 (e-book) 
035 |a (CaPaEBR)ebr10531071 
035 |a (OCoLC)785779526 
040 |a CaPaEBR  |c CaPaEBR  |d UtOrBLW 
050 1 4 |a BF408  |b .S284 2012eb 
082 0 4 |a 153.3/5  |2 22 
100 1 |a Sawyer, R. Keith  |q (Robert Keith) 
245 1 0 |a Explaining creativity :  |b the science of human innovation /  |c R. Keith Sawyer. 
250 |a 2nd ed. 
264 1 |a New York :  |b Oxford University Press,  |c [2012] 
264 4 |c ©2012 
300 |a 1 online resource (586 pages) 
336 |a text  |b txt  |2 rdacontent 
337 |a computer  |b c  |2 rdamedia 
338 |a online resource  |b cr  |2 rdacarrier 
504 |a Includes bibliographical references and index. 
505 0 |a Conceptions -- Introduction -- Conceptions of creativity -- Individualist approaches -- Defining creativity through assessment -- The creative personality -- The creative process, part 1 -- The creative process, part 2 -- The creative process, part 3 -- Computer simulations of the creative process -- Biology and creativity -- Cognitive neuroscience and creativity -- Sociocultural approaches -- Sociology -- Group creativity -- Organizational creativity -- Culture and creativity -- History and creativity -- Creativity in the domains -- Visual arts -- Writing -- Music -- Theater -- Science -- Everyday creativity -- Education and creativity -- How to be more creative -- Conclusion: the future of creativity. 
500 |a Electronic resource. 
650 0 |a Creative ability. 
655 7 |a Electronic books.  |2 local 
710 2 |a ebrary, Inc. 
856 4 0 |u https://ebookcentral.proquest.com/lib/tamucs/detail.action?docID=886582  |y Connect to the full text of this electronic book  |t 0 
980 |a 121102  |b 179.95  |c USD  |e 179.95  |f YBP_EBR0000045794  |g 1 
999 f f |s 2a629039-6491-36d2-b90a-dbd749d45d83  |i 4b3d46f6-6f81-3e7d-a27c-126b63de1508  |t 0 
999 |a MARS 
952 f f |a Texas A&M University  |b College Station  |c Electronic Resources  |d Available Online  |t 0  |e BF408 .S284 2012eb  |h Library of Congress classification 
998 f f |a BF408 .S284 2012eb  |t 0  |l Available Online